00592 2200181 4500245003200000020001800032250001100050100001900061700002000080650001600100005001900116260002600135041001400161084001100175300002300186500019200209336000900401 aDanurcRisa SaraswatihText a602-220-019-9 aCet. 5 aRisa Saraswati aSyafial Rustama aNovel Horor a20240125133726 aJakartabBukunec2014 aIndonesia a808.83 a216 hlm. :c19 cm. aJangan heran jika mendapatiku sedang berbicara sendirian atau tertawa tanpa seorang pun terlihat sedang bersamaku. Saat itu, mungkin saja aku sedang bersama salah stu dari lima sahabatku. atext